Pidpryjemnyctvo, torhivlja, marketynh: stratehiji, technolohiji ta innovaciji tezi dopovidej II mižnarodnoji naukovo-praktičnoji internet-konferenciji (Kijiv, 29 travnja 2019 roku)
Salvato in:
| Enti autori: | , |
|---|---|
| Altri autori: | |
| Natura: | Libro |
| Lingua: | ucraino |
| Pubblicazione: |
Kiev
Kyiv National University of Trade and Economics
2019
|
| Edizione: | 1e vidannja |
| Soggetti: | |
| Tags: |
Nessun Tag, puoi essere il primo ad aggiungerne!!
|
MARC
| LEADER | 00000nlm a2200000 4500 | ||
|---|---|---|---|
| 001 | 0258421 | ||
| 005 | 20220224124846.3 | ||
| 041 | 0 | |a ukr | |
| 044 | |a UA | ||
| 245 | 1 | 0 | |a Pidpryjemnyctvo, torhivlja, marketynh: stratehiji, technolohiji ta innovaciji |b tezi dopovidej II mižnarodnoji naukovo-praktičnoji internet-konferenciji (Kijiv, 29 travnja 2019 roku) |c redaktor: A.A. Mazaraki |
| 250 | |a 1e vidannja | ||
| 264 | 1 | |a Kiev |b Kyiv National University of Trade and Economics |c 2019 | |
| 300 | |a online 160 s. | ||
| 610 | 2 | 0 | |a podnikanie |
| 610 | 2 | 0 | |a marketing |
| 610 | 2 | 0 | |a stratégia marketingová |
| 610 | 2 | 0 | |a inovácia |
| 610 | 2 | 0 | |a podnik obchodný |
| 610 | 2 | 0 | |a logistika |
| 610 | 2 | 0 | |a clá |
| 610 | 2 | 0 | |a regulácia |
| 610 | 2 | 0 | |a riadenie |
| 610 | 2 | 0 | |a kvalita tovaru |
| 610 | 2 | 0 | |a technológie nové |
| 610 | 2 | 0 | |a internet |
| 700 | 1 | |a Mazaraki, A.A. | |
| 110 | 2 | |a Pidpryjemnyctvo, torhivlja, marketynh: stratehiji, technolohiji ta innovaciji. Mižnarodnoji naukovo-praktičnoji internet-konferenciji | |
| 710 | 2 | |a Ministerstvo osviti i nauki Ukrajini | |